banner-ar

دروس فى خدمة التلفزيون / (Record no. 45637)

MARC details
000 -الفاتح
حقل البيانات ثابتة الطول 00700nam a2200229Ia 4500
008 - عناصر البيانات ثابتة الطول - معلومات عامة
حقل البيانات ثابتة الطول 140319s9999 xx 000 0 ara d
040 ## - مصدر الفهرسة
وكالة الفهرسة الأصلية GCL /
وكالة النسخ GCL
082 04 - رقم تصنيف ديوى العشرى
رقم التصنيف 621.388
رقم المادة م د
100 1# - المدخل الرئيسى - إسم شخصى
الإسم الشخصى صلاح عامر
245 10 - بيان العنوان
العنوان دروس فى خدمة التلفزيون /
بيان المسئوليه,etc صلاح عامر
700 1# - المدخل الاضافى - اسم شخصى
الإسم الشخصى رزق باسيلى
700 1# - المدخل الاضافى - اسم شخصى
الإسم الشخصى معهد ايه. ار. سى
300 ## - الوصف المادى
التعداد 537 ص
490 ## - بيان السلسلة
عنوان السلسلة الالف كتاب
رقم المجلد/ التعيين التسلسلي 0
650 04 - المدخل الاضافى بالموضوع-مصطلح موضوعى
مصطلح موضوعي التليفزيون
650 04 - المدخل الاضافى بالموضوع-مصطلح موضوعى
مصطلح موضوعي التليفزيون - هندسة
650 04 - المدخل الاضافى بالموضوع-مصطلح موضوعى
مصطلح موضوعي التليفزيون - تصليح
650 04 - المدخل الاضافى بالموضوع-مصطلح موضوعى
مصطلح موضوعي التليفزيون - اجهزة
650 04 - المدخل الاضافى بالموضوع-مصطلح موضوعى
مصطلح موضوعي التليفزيون - صيانة
942 ## - عناصر المدخل الإضافي( كوها)
مصدر التصنيف او مخطط الترفيف Dewey Decimal Classification
Koha [default] item type كتاب
Holdings
حالة التراجع حالة الفقد حالة تلف ليس للاعارة المكان المؤقت الموقع الحالى تاريخ الاكتساب اجمالي اﻻعارات رقم الطلب الباركود تاريخ اخر مشاهدة تاريخ تفعيل السعر نوع وعاء كوها
        مكتبة القاهرة الكبرى مكتبة القاهرة الكبرى 03/26/2014   621.388\م د 111360 03/26/2014 03/26/2014 كتاب

Powered By

EGPV